Footprints in the Forest /

Guardado en:
Formato: Libro
Idioma:Undetermined
Publicado: 2013.
Materias:
Etiquetas: Agregar Etiqueta
Sin Etiquetas, Sea el primero en etiquetar este registro!
LEADER 00347nam a22001335a 4500
001 CEM.cems019104
008 220817s2013####xx############000#0#und#d
005 20220817163429.0
003 CEMS
245 1 0 |a Footprints in the Forest /  |c Susan House. 
260 |c 2013. 
653 |a Texto Inglés 
653 |a Caja Inglés 1 
859 |a CEMS  |b BIB. CEMS - 11 de abril  |p SSR-175